Guess the Cyclist #2 - Statistics

General Stats
  • This quiz has been taken 10 times
  • The average score is 7 of 16
Answer Stats
Picture Answer % Correct
Ilnur Zakarin
88%
Tony Gallopin
88%
Bob Jungels
75%
Magnus Cort
63%
Danny Van Poppel
50%
Jack Haig
50%
Ben Swift
38%
Giacomo Nizzolo
38%
Ian Stannard
38%
Maximiliano Richeze
38%
Phil Bauhaus
38%
Simon Gerrans
38%
Tanel Kangert
25%
Mark Renshaw
13%
Simone Consonni
13%
Mattia Cattaneo
0%
No matching quizzes found
Score Distribution
Percent of People with Each Score
Percentile by Number Answered
Your Score History
You have not taken this quiz